000 00440nam a2200181Ia 4500
003 LK-CoDNM
005 20240123142106.0
008 010623t1989 xxu||||| |||| 00| 1 sin d
040 _aLK-CoDNM
_dLK-CoDNM
_eLK-CoDNM
041 _asin
080 _a104
_bM 6
100 _aRajakaruna,Ananda.
245 _aළදරු ගී
246 _aLadaru Gee
260 _bJ. D.Pranandu
_aColombo
_c1989
300 _b52p, 21 cm
942 _cBK
999 _c114520
_d114520